Name a Valid Europa Universalis IV Country - Statistics

General Stats
  • This quiz has been taken 695 times
    684 since last reset
  • The average score is 13 of 20
Answer Stats
Hint Answer % Correct
A Great Power in 1444 Ming | Mamluks | France | England | Ottomans | Timurids | Castile | Lithuania
100%
An elector of the HRE Bohemia | Brandenburg | Cologne | Mainz | The Palatinate | Saxony | Trier
93%
Has Empire government rank Byzantium | Ethiopia | Ming | Timurids
90%
Horde Chagatai | Crimea | Great Horde | Jianzhou | Kazan | Nogai | Oirat | Uzbek | 7 more...
87%
Always takes Exploration ideas Castile | Portugal | Spain
85%
Tributary of Ming Ayutthaya | Champa | Dai Viet | Khmer | Korea | Lan Xang | Malacca | Ryukyu | 7 more...
84%
Vassal of the Timurids Afghanistan | Fars | Khorasan | Sistan | Transoxiana
76%
Can form Jerusalem Cyprus | The Knights | Provence
76%
Starts with an interregnum Ainu | Bohemia | Chavchuveny | Chukchi | Hungary | Kamchadals | Khodynt | Nivkh | Poland | Solon
71%
Releasable from Lithuania Chernigov | Galicia-Volhynia | Kiev | Polotsk | Smolensk | Zaporozhie
71%
Swabian culture Alsace | Augsburg | Baden | Memmingen | Ravensburg | Ulm | Wurttemburg
67%
Guaranteed by Mamluks Cyprus | Medina
63%
Ibadi religion Mzab | Oman | Pate
62%
Has a general with siege of 2 or higher Cusco | France | Sirhind
59%
Has a Marsh province Austria | England | Imereti | Jenné | Kaffa | Lithuania | Macina | Mushasha | Qara Qoyunlu | Yao
56%
North American, has a coast Abenaki | Chinook | Haida | Mikmaq | Pequot | Powhatan | Salish | Yaqui
30%
Starts with a ruler under 15 Ashikaga | Chiba | Hosokawa | Ottomans | Shiba | Uesugi
30%
Located on Madagascar Antemoro | Betsimisaraka | Imerina | Mahafaly | Sakalava
28%
Starts with Z Zapotec | Zazzau | Zuni
21%
Non-Christian theocracy Ajuuraan | Ichma | Sus
15%
No matching quizzes found
Score Distribution
Percent of People with Each Score
Percentile by Number Answered
Your Score History
You have not taken this quiz since the last reset